Very Difficult South Park Quiz - Statistics

General Stats
  • This quiz has been taken 194 times
    145 since last reset
  • The average score is 32 of 74
Answer Stats
Hint Answer % Correct
What are there too many of (according to Cartman) at the waterpark? Minorities
80%
Which dead celebrity possessed Ike for a brief period of time? Michael Jackson
79%
Which cryptid creature asked Chef's parents for "tree fiddy"? The Loch Ness Monster
79%
What did Kanye West insist he wasn't? A gay fish
75%
Who did Cartman impersonate to tell Randy his cooking sucked? Gordon Ramsey
73%
What was Jimmy paranoid about getting during the talent show? An erection
72%
Who did the girls initially consider the hottest boy in the school? Clyde
72%
What is Bono actually? Crap
71%
Who did the boys disguise as Blanket to fool Mr Jefferson? Kenny
65%
The three things Canadians address one another as Buddy
62%
What did Stan become after Wendy broke up with him? Goth
62%
Where did the boys send all the homeless people? California
61%
Which member of Coon and Friends actually had superpowers? Mint Berry Crunch
61%
What was the only thing Kenny and Cartman could drink at their foster home? Dr Pepper
60%
Where does Stan jack it? San Diego
60%
What animal is supposed to kill the woodland critter pregnant with the Antichrist? A mountain lion
59%
Guy
59%
Who took the urinal deuce? Stan
58%
Friend
57%
Which rapper killed people if they didn't vote? P. Diddy
57%
What was the shape of the cake that Satan wanted for his Halloween party? A Ferrari
56%
Who kept getting startled by all of the giant guinea pigs? Randy
56%
Who immitated Gollum in "The Return of the Fellowship of the Ring to the Two Towers"? Butters
55%
What play did Randy take Sharon to see in Denver? Wicked
55%
What was the subject that the teacher who got TP'd taught? Art
54%
What was the nationality of the people who's boat was stolen by Cartman while in Somalia? French
54%
What beverage did Cartman keep drinking while ziplining? Mountain Dew
54%
What animals started the O Long Johnson trend? Cats
53%
What does Mr Jefferson claim people are? Ignorant
53%
What did Bridon Gueermo really want to do instead of sing and dance? Play basketball
51%
Where is Funnybot from? Germany
50%
Who are the actual writers of Family Guy? Manatees
50%
Which Guns N' Roses member is make-believe? Slash
50%
Which company kept issuing apologies after releasing Cthulhu? BP
49%
Where is all of the cheap/fake jewelery made? India
49%
Which football team do the Japanese brutally slaughter? The Miami Dolphins
48%
Who is the annoying father from Denver that gets drunk and fights people at little league games? Bat Dad
46%
Who was next to be worshiped and killed after Britney Spears? Miley Cyrus
46%
Which restaurant did Butters want his parents to go to for their anniversary? Bennigan's
44%
Which singer did the US soldiers confuse the goat with? Stevie Nicks
44%
Who is Towelie's son? Washcloth
43%
Who took over Imaginationland? Terrorists
42%
What hotel did Cartman host his ginger rallies in? Airport Hilton
41%
What were Kenny's last words in the episode "Kenny Dies"? Where's Stan?
41%
What game does Stan have to play while trapped in Facebook? Yahtzee!
40%
What did Stan call Tom Cruise, which upset him very much? A fudge packer
38%
What was Butters's second book after Scrotie McBoogerballs? The Poop that Took a Pee
38%
What is Butters's Mexican name? Mantequilla
37%
Where did Butters and Awesom-O go to visit Butters's aunt and uncle? Los Angeles
36%
Where did Jimmy lock in the two gangs? The Rec Center
34%
What did Butters become after transitioning into a vampire? Ungroundable
34%
Who was the only person that could open the wormhole back to the Thanksgiving planets? Natalie Portman
33%
What is the name of the special Easter rabbit that Stan had to protect? Snowball
33%
Who did Stan dress up as for Halloween in "Pinkeye"? Raggedy Andy
30%
Who kidnapped the Princess of Canada? Tooth Decay
30%
What let Johnny Cochrane win every trial? The Chewbacca Defense
28%
Which NASCAR driver does Cartman run over? Danica Patrick
27%
What did Paris Hilton name Butters after dressing him as a bear? Mr Biggles
27%
Which director did Wendy sell the rights of "Dances with Smurfs" to? James Cameron
25%
Where do the boys send Tom Cruise? The Moon
25%
Who helps kill all of the New Jersians? al-Qaeda
24%
Where do Mr Garrison's parents live? Arkansas
24%
Canadian word for vagina Strange
24%
What is Cartman's cousin from Nebraska's name? Elvin
19%
Where did the boys accidentally end up when taking the only road in Canada? Newfoundland
19%
What blow-up sex doll does Liane Cartman order online? Antonio Banderas
17%
Where did all of the pioneer village reenactors go after their shift was over? T.G.I. Friday's
17%
Which city did Cartman and the drunken Confederate reenactors raid first? Topeka
17%
Where are Kenny and Cartman relocated after their parents are arrested? Greeley
14%
Where does Kyle's cousin Kyle live? Connecticut
11%
Who were the Nuggets playing when Kyle and Nichole went on a date? The Clippers
10%
What US city did Kyle try and get the Ice Man to? Des Moines
9%
Who do the boys think Barbara Streisand should know? John Elway
6%
Which celebrities got blown up by the Ginger Kids? Phil Collins and Jared
2%
No matching quizzes found
Score Distribution
Percent of People with Each Score
Percentile by Number Answered
Your Score History
You have not taken this quiz since the last reset